[Event "AUTO-ADV-4938"]
[Site "http://www.queenalice.com/game.php?id=1874153"]
[Date "2026.5.30"]
[Round "1"]
[White "Daniel1962"]
[Black "Jsc"]
[Result "0-1"]
[WhiteElo "1776"]
[BlackElo "2014"]

1. c4 e5 2. Nc3 Nc6 3. Nf3 b6 4. g3 Bb7 5. Bg2 Nf6 6. d3 h6 7. Be3 Bb4 8. Bd2
O-O 9. Nd5 Bxd2+ 10. Qxd2 d6 11. Nh4 Nxd5 12. Bxd5 Na5 13. b4 Bxd5 14. cxd5 Nb7
15. a4 a5 16. b5 Nc5 17. Ra3 f5 18. Ng6 Rf7 19. h3 Qf6 20. Nh4 f4 21. Nf3 fxg3
22. fxg3 Raf8 23. d4 Ne4 24. Qe3 Nxg3 25. Rg1 exd4 26. Qd3 Nf5 27. h4 Re8 28.
Rg4 Re3 29. Qc4 Rxa3 30. Nxd4 Nxd4 31. Rxd4 Qf2+ 32. Kd1 Ra1+ 33. Kd2 Qe1+ 34.
Kd3 Rd1+ 35. Ke3 Qf2+ 36. Ke4 Rf4# 0-1

[Event "AUTO-ADV-4938"]
[Site "http://www.queenalice.com/game.php?id=1874154"]
[Date "2026.5.30"]
[Round "1"]
[White "Jsc"]
[Black "Capixabba789"]
[Result "1-0"]
[WhiteElo "2013"]
[BlackElo "1841"]

1. e4 e5 2. Nf3 d6 3. h3 Nc6 4. c3 Nf6 5. Bd3 Be7 6. O-O Be6 7. Bc2 O-O 8. d4
exd4 9. cxd4 Bd7 10. a3 a6 11. Qd3 Na7 12. Nc3 c5 13. dxc5 Bc6 14. cxd6 Qxd6 15.
Qe3 Qc7 16. e5 Nd5 17. Qd3 Nb5 18. Qxh7# 1-0